DISEÑO Y PLANIFICA.CIÓN DE RA§T'RO IVÍUNICIPAL Y hffiJOR,Al\MEhITC CAN{M{O RUR.AL C,{§ERIO SECHAEILCF{OCH A AI,DEA T,AS CONCHAS, CHAHAL, A.LTA. VE,RAPAZ./ (Registro nro. 2108)

Detalles MARC
000 -LEADER
campo de control de longitud fija 03692nam a22003377a 4500
001 - NÚMERO DE CONTROL
campo de control TIC 0011
003 - IDENTIFICADOR DE NÚMERO DE CONTROL
campo de control gtcocun
005 - FECHA Y HORA DE LA ÚLTIMA TRANSACCIÓN
campo de control 20250923191039.0
006 - CÓDIGOS DE INFORMACIÓN DE LONGITUD FIJA--CARACTERÍSTICAS DEL MATERIAL ADICIONAL
campo de control de longitud fija a||||gr|||| 00| 0
007 - CAMPO FIJO DE DESCRIPCIÓN FÍSICA--INFORMACIÓN GENERAL
campo de control de longitud fija ta
008 - DATOS DE LONGITUD FIJA--INFORMACIÓN GENERAL
campo de control de longitud fija 250923b2021 gt ||||| m||| 00| 0 eng d
040 ## - FUENTE DE CATALOGACIÓN
Centro catalogador/agencia de origen gtcocun
Lengua de catalogación SPA
Centro/agencia transcriptor gtcocun
Normas de descripción RDA
041 ## - CÓDIGO DE IDIOMA
Código de lengua del texto/banda sonora o título independiente SPA TIC 0011
084 ## - OTRO NÚMERO DE CLASIFICACIÓN
Número de control del registro de autoridad o número normalizado TIC 0011
100 ## - ENTRADA PRINCIPAL--NOMBRE DE PERSONA
Nombre de persona Ruiz Vétriz, Carlos Vidal Enrique
Término indicativo de función/relación Autor
245 ## - MENCIÓN DEL TÍTULO
Título DISEÑO Y PLANIFICA.CIÓN DE RA§T'RO IVÍUNICIPAL Y hffiJOR,Al\MEhITC CAN{M{O RUR.AL C,{§ERIO SECHAEILCF{OCH A AI,DEA T,AS CONCHAS, CHAHAL, A.LTA. VE,RAPAZ./
Mención de responsabilidad, etc. Carlos Vidal Enrique Ruiz Vétriz.
Medio Impreso
264 ## - PRODUCCIÓN, PUBLICACIÓN, DISTRIBUCIÓN, FABRICACIÓN Y COPYRIGHT
Producción, publicación, distribución, fabricación y copyright Cobán, Alta Verapaz:
Nombre del de productor, editor, distribuidor, fabricante Universidad de San Carlos de Guatemala, Centro Universitario del Norte, Ingeniería Civil
Fecha de producción, publicación, distribución, fabricación o copyright 2021
300 ## - DESCRIPCIÓN FÍSICA
Extensión 185 p.:
Otras características físicas Ilustraciones, gráficas.
Dimensiones 28 cm;
300 ## - DESCRIPCIÓN FÍSICA
Dimensiones PDF
336 ## - TIPO DE CONTENIDO
Fuente rdacontenido
Término de tipo de contenido Texto
Código de tipo de contenido txt
337 ## - TIPO DE MEDIO
Fuente rdamedio
Nombre/término del tipo de medio Computadora
Código del tipo de medio n
338 ## - TIPO DE SOPORTE
Fuente rdasoporte
Nombre/término del tipo de soporte Código en línea
Código del tipo de soporte cr
502 ## - NOTA DE TESIS
identificador de la tesis TIC 0011
502 ## - NOTA DE TESIS
Nota de tesis Tesis de grado
Tipo de título Ingeniería Civil,
Nombre de la institución que otorga el título Universidad de San Carlos de Guatemala, Centro Universitario del Norte, Ingeniería Civil,
Año de obtención del título 2021
Identificador de la tesis TIC 0011
520 14 - RESUMEN, ETC.
Sumario, etc. Con el objetivo de contribuir en el diseño de infraestructuras que permitan el desarrollo social y económico del municipio, se presenta un estudio para la construcción del rastro municipal, con el cumplimiento de todos los requerimientos mínimos que permiten un trabajo óptimo y seguro para el personal que ahí se encontrara, se realizó la evaluación del consumo de productos cárnicos según la población actual, para categorizarlo según el consumo que existirá en un periodo mínimo de 20 años.<br/><br/>La infraestructura es evaluada a través del método simplista, para poder determinar los refuerzos mínimos para la estabilización del mismo. Se estipula una carga correspondiente a los techos livianos, mencionados en las normas AGIES, creando una modulación en base a matrices arquitectónicas las cuales también regulan el comportamiento de los refuerzos. Se cuenta con corrales que albergan a no más de 20 animales bovinos y porcinos en un periodo de 24 horas.<br/><br/>El proyecto cuenta con un sistema de abastecimiento de agua potable por medio de un equipo de bombeo calculado, el cual tiene una capacidad de llenado en un periodo de 12 horas. Para el tratamiento de las aguas residuales se contempla un tratamiento primario el cual cuenta con una implementación de fosas sépticas y pozos de absorción que son capaces de almacenar y separar elementos, reduciendo los factores contaminantes.<br/><br/>El proyecto de pavimentación cuenta con una carretera tipo “E”, la cual tiene una serie de curvas horizontales, circulares como espirales, las cuales tiene una velocidad de diseño mínimo de 40 km/hr. Se cuentan con curvas verticales las que a su vez cumplen todos los requerimientos establecidos por la Dirección General de Caminos, principalmente en pendientes de entrada y salida, existiendo excepciones especificadas. La carpeta de rodadura será de 6 pulgadas de espesor y se contempla una resistencia de 4000 PSI.<br/><br/>Ambos proyectos forman parte del crecimiento del municipio, creando infraestructuras modernas para crear una apariencia llamativa en el marco de un desarrollo de infraestructuras del municipio.
650 ## - PUNTO DE ACCESO ADICIONAL DE MATERIA--TÉRMINO DE MATERIA
Fuente del encabezamiento o término LEMB
Término de materia o nombre geográfico como elemento de entrada Chahal, Alta Verapaz.
Subdivisión general Ingeniería
-- Optimización
-- Infraestructura
-- Desarrollo
-- Estabilización
-- Seguridad
700 ## - ENTRADA AGREGADA--NOMBRE PERSONAL
Nombre de persona Ing. Civil Marlon Morán Castro
Término indicativo de función/relación Asesor
856 ## - LOCALIZACIÓN Y ACCESO ELECTRÓNICOS
Identificador Uniforme de Recurso <a href="https://drive.google.com/file/d/1X053tRCE6kFFvvfDmQ7XrJ6NuwrMWW3i/view">https://drive.google.com/file/d/1X053tRCE6kFFvvfDmQ7XrJ6NuwrMWW3i/view</a>
Texto de enlace PDF
Nota pública Un ejemplar en línea.
942 ## - ELEMENTOS DE ENTRADA SECUNDARIOS (KOHA)
Fuente de la clasificación o esquema de estantería Clasificación Decimal Dewey
Tipo de ítem Koha TESIS
Parte de la signatura que identifica el ejemplar (Parte del ítem) TIC 0011
Prefijo de la signatura Clasificación
Suprimir en OPAC No
-- TIC_0011_000000000000000
Existencias
Estatus retirado Estado de pérdida Fuente de la clasificación o esquema de estantería Estado de daño No para préstamo Colección Biblioteca de origen Biblioteca actual Ubicación en estantería Fecha de adquisición Número de inventario Total de préstamos Signatura topográfica completa Código de barras Visto por última vez Precio de reemplazo Tipo de ítem Koha
    Clasificación Decimal Dewey     tesis BIBLIOTECA- CUNOR -JOSÉ LUIS GONZALES ROSALES BIBLIOTECA- CUNOR -JOSÉ LUIS GONZALES ROSALES Colección tesis 16/09/2025 TIC 0011   TIC 0011 TIC 0011 16/09/2025 16/09/2025 TESIS